000
00340pam a2200145a 44500
008
230405s1968 xxu||||| |||| 00| 0 eng d
041
_a
ENG
245
_a
All India Reporter
260
_a
Pune
_b
Hind Law House
_c
1968
300
_a
72p.
440
_a
Hind Law House
650
_a
ALL INDIA REPORTER
690
_a
REPORTS
906
_a
3927
999
_c
875538
_d
875538